| 000 | 01356namaa22003131i 4500 | ||
|---|---|---|---|
| 005 | 20260222115724.0 | ||
| 008 | 260120s1997 ua a|||frm||| 000 0 eng d | ||
| 040 |
_aEG-GICUC _beng _cEG-GICUC _dEG-GICUC _erda |
||
| 041 | 0 |
_aeng _beng _bara |
|
| 049 | _aDeposit | ||
| 097 | _aM.Sc | ||
| 099 | _aCai01.11.21.M.Sc.1997.Ta.T | ||
| 100 | 0 |
_aTarek Mahmoud Shokry Megahed, _epreparation. |
|
| 245 | 1 | 0 |
_aThyroid Function in major depressive and dysthymic disorders / _cBy Tarek Mahmoud Shokry Megahed ; Supervised Dr. Samia Abdel-Rahman Ahmed, Dr. Azza A. El-Bakry |
| 246 | 1 | 5 | _aوظائف الغدة الدرقية وعلاقتها بالاكتئاب الجسيم والاضطرابات العسر وجدانية |
| 264 | 0 | _c1997. | |
| 300 |
_a240 pages _billustrations _c25 cm. + |
||
| 336 |
_2rda content _atext |
||
| 337 |
_2rdamedia _aUnmediated |
||
| 338 |
_2rdacarrier _avolume |
||
| 502 | _aThesis (M.Sc.)-Cairo University, 1997 | ||
| 504 | _aBibliography: pages 196-240 | ||
| 653 | 0 |
_aThyroid Function _amajor depressive _adysthymic disorders |
|
| 700 | 0 |
_aSamia Abdel-Rahman Ahmed _ethesis advisor. |
|
| 700 | 0 |
_aAzza A. El-Bakry _ethesis advisor. |
|
| 900 |
_DDepartment of Neuropsycheatry _FFaculty of Medicine _UCairo University _b1997 _cSamia Abdel-Rahman Ahmed _cAzza A. El-Bakry |
||
| 905 |
_aNehad _eNourhan |
||
| 942 |
_2ddc _cTH _e21 _n0 |
||
| 999 | _c177889 | ||